| 000 | 00632nam a2200205 i 4500 | ||
|---|---|---|---|
| 001 | 172326 | ||
| 003 | ES-MaACL | ||
| 005 | 20240418144923.0 | ||
| 007 | t| | ||
| 008 | 090625s1994 sp ||||0| spa j | ||
| 040 |
_aM-BN _bspa _cM-BN |
||
| 080 | _a821.134.2-32"19"(082.2) | ||
| 245 | 0 | 0 | _aIV Premio Literario Ateneo de Sanlúcar de Barrameda 1994. |
| 260 |
_aSanlúcar de Barrameda : _bAteneo, _c[1994] |
||
| 300 |
_a47 p. ; _c21 cm. |
||
| 650 | 1 | 4 |
_aNovela española- _yS.XX _915636 |
| 710 | 2 |
_aAteneo de Sanlúcar de Barrameda. _92022 |
|
| 852 |
_aES-MaACL _j2251-F-25 _9R.144501 |
||
| 999 |
_c172326 _d172326 |
||